000 00436cam a2200193ua 4500
020 _c7.00
041 _ahin
_h
082 _a891.54
_bKAM/PL
100 _aKamu, Albeyar .
245 _aPleg /
_cAlbeyar Kamu.
_hTextual Documents
250 _a1 /
_b.
260 _aDelhi :
_bRajkamal Prakash ,
_c1961.
300 _a336 ; .
365 _a7.00
504 _a
942 _cBK
999 _c6370
_d6370